Statistiques concernant Test de Calcul Mental #2

Cliquez ici pour prendre le quiz!

Statistiques générales

  • Ce quiz a été pris 84 fois
  • Le résultat moyen est 11 sur 15

Statistiques - réponses

CalculsRéponses% Correct
19x119
100%
3x721
100%
6+2
8
100%
1+6/24
97%
50x12600
96%
200/540
89%
(12+3²)/37
85%
(99/11)x981
82%
13²169
79%
8+4+6+2+4+8+5+3+80120
71%
(640+5)/(15x43)1
42%
(9999+1)/(50²x2)2
39%
3^5243
36%
(((6X12)+3)/3)/5²1
31%
29292/122441
4%

Distribution des résultats

Percentile par nombre de réponses

% des personnes avec chaque résultat

Votre développement - résultats

Vous n’avez pas pris ce quiz